| 000 | 01840nam a2200445 a 4500 | ||
|---|---|---|---|
| 001 | ebr10209969 | ||
| 003 | CaPaEBR | ||
| 006 | m u | ||
| 007 | cr cn||||||||| | ||
| 008 | 040706s2005 ilua sb 001 0 eng | ||
| 010 | _z 2004055330 | ||
| 020 | _z0226261573 (alk. paper) | ||
| 020 | _z9780226261584 | ||
| 020 | _z9780226261812 | ||
| 020 | _z9780226261577 (cloth) | ||
| 020 | _z0226261581 (paper) | ||
| 040 |
_aCaPaEBR _cCaPaEBR |
||
| 035 | _a(OCoLC)191700261 | ||
| 050 | 1 | 4 |
_aHD5706 _b.E475 2005eb |
| 082 | 0 | 4 |
_a331 _222 |
| 245 | 0 | 0 |
_aEmerging labor market institutions for the twenty-first century _h[electronic resource] / _cedited by Richard B. Freeman, Joni Hersch, and Lawrence Mishel. |
| 260 |
_aChicago : _bUniveristy of Chicago Press, _c2005. |
||
| 300 |
_aix, 327 p. : _bill. |
||
| 490 | 1 | _aNational Bureau of Economic Research conference report | |
| 504 | _aIncludes bibliographical references and indexes. | ||
| 505 | 0 | _a1. Studies of nonworker organizations -- 2. Studies of membership-based initiatives -- 3. New union opportunities and initiatives. | |
| 533 |
_aElectronic reproduction. _bPalo Alto, Calif. : _cebrary, _d2013. _nAvailable via World Wide Web. _nAccess may be limited to ebrary affiliated libraries. |
||
| 650 | 0 | _aLabor market. | |
| 650 | 0 | _aLabor unions. | |
| 650 | 0 | _aIndustrial relations. | |
| 650 | 0 | _aWhite collar workers. | |
| 650 | 0 | _aWork environment. | |
| 655 | 7 |
_aElectronic books. _2local |
|
| 700 | 1 |
_aFreeman, Richard B. _q(Richard Barry), _d1943- |
|
| 700 | 1 |
_aHersch, Joni, _d1956- |
|
| 700 | 1 | _aMishel, Lawrence R. | |
| 710 | 2 | _aebrary, Inc. | |
| 830 | 0 | _aNational Bureau of Economic Research conference report. | |
| 856 | 4 | 0 |
_uhttp://site.ebrary.com/lib/rucke/Doc?id=10209969 _zAn electronic book accessible through the World Wide Web; click to view |
| 999 |
_c124054 _d124054 |
||